| 000 | 00408nam a2200157Ia 4500 | ||
|---|---|---|---|
| 003 | GCL | ||
| 008 | 140319s9999 xx 000 0 eng d | ||
| 040 |
_aGCL / _cGCL |
||
| 082 | 0 | 4 |
_a668.54 _bB B |
| 100 | 1 | _aBARILLE, ELISIBETH | |
| 245 | 1 | 0 |
_aTHE BOOK OF PERFUME / _cBARILLE, ELISIBETH |
| 260 |
_aفرنسا : _bFLAMMARION ، _c1995 |
||
| 300 |
_a32 CM ؛ _c223 P |
||
| 650 | 0 | 4 | _aPERFUMES |
| 942 |
_2ddc _cBK |
||
| 999 |
_c10309 _d10309 |
||